Bagai murai tercabut ekor

Bibliographic Details
Main Author: A.Ghani Abdullah
Format: Book
Published: Selangor : Maximseri Design Sdn Bhd , 2002
Series:Siri peribahasa
Subjects:

MARC

LEADER 00000cam a2200000 7i4500
001 0000055623
005 20151124.0
008 151124
020 |a 9832561213 (set) 
020 |a 983256123X 
090 0 0 |a NS   |b MAL 
100 1 |a A.Ghani Abdullah 
245 1 0 |a Bagai murai tercabut ekor   |c A.Ghani Abdullah 
260 |a Selangor :   |b Maximseri Design Sdn Bhd ,   |c 2002 
490 1 |a Siri peribahasa 
650 0 |a Malay fiction 
999 |a 0000002033   |b Book   |c Children Collection   |e Cawangan Taman Universiti 
999 |a 0000002034   |b Book   |c Children Collection   |e Cawangan Taman Universiti 
999 |a 0000002035   |b Book   |c Children Collection   |e Cawangan Taman Universiti 
999 |a 0000882686   |b Book   |c Children Collection   |e Cawangan Tmn. Ungku Tun Aminah 
999 |a 0000882688   |b Book   |c Children Collection   |e Cawangan Segamat 
999 |a 0000882689   |b Book   |c Children Collection   |e Cawangan Pontian